000 00309nam a2200133Ia 4500
005 20260328104253.0
008 260328s9999||||xx |||||||||||||| ||und||
100 _aFarr, Finis
245 0 _aFrank Lloyd Wright /
_cFinis Farr
260 _bScribner
300 _a293 p.
650 _aARQUITECTOS
942 _cBK
999 _c10315
_d10315